000 00686nam a2200241Ia 4500
003 OSt
005 20221005133833.0
006 a|||||r|||| 00| 0
007 ta
008 221004b |||||||| |||| 00| 0 pan d
024 _a27802
037 _cTextual
040 _aCRL
_cCRL
_bpan
041 _2pan
_apan
082 _aV236:21wL80, 153L0
100 _aਸੂਦ, ਆਰ.
245 0 _aਰਣਜੀਤ ਸਿੰਘ
260 _c1970
650 _aਭਾਰਤੀਯ ਇਤਿਹਾਸ
700 _a ਸੁਖਬੀਰ, ੳਗ.
942 _hV236:21wL80, 153L0
_cTEXL
_2cc
999 _c1068041
_d1068041